书目信息 |
| 题名: |
GPS测量
|
|
| 作者: | 李征航 编著 | |
| 分册: | ||
| 出版信息: | 武汉 武汉大学出版社 2013.01 |
|
| 页数: | 210页 | |
| 开本: | 26cm | |
| 丛书名: | ||
| 单 册: | ||
| 中图分类: | P228.4 | |
| 科图分类: | ||
| 主题词: | 全球定位系统--高等学校--教材 , 全球定位系统 | |
| 电子资源: | ||
| ISBN: | 978-7-307-10279-8 | |
| 000 | 01152nam0 2200289 450 | |
| 001 | 005903092 | |
| 005 | 20130609083930.28 | |
| 010 | @a978-7-307-10279-8@dCNY28.00 | |
| 035 | @a(A330000ZJL)012011180768 | |
| 100 | @a20130418d2013 em y0chiy50 ea | |
| 101 | 0 | @achi |
| 102 | @aCN@b420000 | |
| 105 | @aak z 000yy | |
| 106 | @ar | |
| 200 | 1 | @aGPS测量@9GPS ce liang@f李征航[等]编著 |
| 210 | @a武汉@c武汉大学出版社@d2013.01 | |
| 215 | @a210页@c图@d26cm | |
| 300 | @a高等学校测绘工程专业核心课程规划教材 | |
| 304 | @a编著还有:黄劲松,独知行,张勤 | |
| 330 | @a本书从GPS测量的方法、数据采集及数据处理等方面对GPS测量做了较为全面和系统的介绍。全书共分9章,主要内容为:伪距测量与载波相位测量,GPS导航定位方法,GPS网的技术设计及建立过程,GPS的数据采集及常用的数据格式,GPS基线向量解算及网平差,GPS高程等。 | |
| 333 | @a可作为高等学校测绘工程专业及相关专业的本科生和研究生教材,也可供测绘、交通运输、石油、地质等部门的科研人员和工程技术人员参考 | |
| 606 | 0 | @a全球定位系统@x高等学校@j教材 |
| 606 | 0 | @a全球定位系统 |
| 690 | @aP228.4@v5 | |
| 701 | 0 | @a李征航@9li zheng hang@4编著 |
| 801 | 0 | @aCN@b人天书店@c20130418 |
| 905 | @dP228.4@e207 | |
| GPS测量/李征航[等]编著.-武汉:武汉大学出版社,2013.01 |
| 210页:图;26cm |
| 高等学校测绘工程专业核心课程规划教材.-使用对象:可作为高等学校测绘工程专业及相关专业的本科生和研究生教材,也可供测绘、交通运输、石油、地质等部门的科研人员和工程技术人员参考 |
| ISBN 978-7-307-10279-8:CNY28.00 |
| 本书从GPS测量的方法、数据采集及数据处理等方面对GPS测量做了较为全面和系统的介绍。全书共分9章,主要内容为:伪距测量与载波相位测量,GPS导航定位方法,GPS网的技术设计及建立过程,GPS的数据采集及常用的数据格式,GPS基线向量解算及网平差,GPS高程等。 |
| ● |
| 相关链接 |
|
|
|
|
正题名:GPS测量
索取号:P228.4/207
 
预约/预借
| 序号 | 登录号 | 条形码 | 馆藏地/架位号 | 状态 | 备注 |
| 1 | 0545815 | 205458155 | 第二样本阅览室/ [索取号:P228.4/207] | 在馆 | |
| 2 | 0545816 | 205458164 | 第三借阅区/ [索取号:P228.4/207] | 在馆 | |
| 3 | 0545817 | 205458173 | 第三借阅区/ [索取号:P228.4/207] | 在馆 | |
| 4 | 0545818 | 205458182 | 第三借阅区/ [索取号:P228.4/207] | 在馆 | |
| 5 | 0545819 | 205458191 | 第三借阅区/ [索取号:P228.4/207] | 在馆 |